00968nam a2200205 i 450000100060000000300090000600500170001500700030003200800410003508000390007610000520011524501870016726000850035430000210043960000430046071000710050385200240057499900170059895201470061517763ES-MaACL20250925063030.0t|010521s1904 sp ||||1| spa d a929 Concha Castañeda, Juan de la1 aSanz y Escartín, Eduardo, d1855-1939910369510aNecrología del Excmo. Sr. D. Juan de la Concha Castañeda ... individuo ... de la Real Academia de Ciencias Morales y Políticas / cleída .. por ... Eduardo Sanz y Escartín. aMadrid : b[s.n.], c1904 (fImp. del Asilo de Huérfanos del S. C. de Jesús) a23 p. ; c27 cm.14aConcha Castañeda, Juan de la.9400742 aReal Academia de Ciencias Morales y Políticas (España)9222050 aES-MaACLj2165-F-20 c17763d17763 001040708Colección_de_folletosaATENEOMbATENEOMcDEPOFd2008-01-17eSCl0o2165-F-20p1018132r2023-02-23 00:00:00w2023-02-23yFOLLETOS